Analýza režimu suchých krmív a strukovín v EÚ z hľadiska tvorby negociačnej pozície SR

Bibliographic Details
Main Author: Senčák, Igor (Author)
Format: Book
Language:Slovak
PhysicalDescription:32 s., [12] s. príl. tab. 21 cm
Published: Bratislava Výskumný ústav ekonomiky poľnohospodárstva a potravinárstva 1998
ISBN:8080580170
Series:Štúdia
Subjects:

MARC

LEADER 00000nam a2200000 a 4500
001 vtls001354280
003 SK-MaSNL
005 20260301114910.0
008 251113s1998 xo ap r 0yy0 slo
015 |a SNBA1999/11-04133 
020 |a 8080580170 
035 |a SNK000307711 
040 |a SNK  |b slo  |c SNK  |e AACR2 
041 0 |a slo 
044 |a xo  |c SK 
080 |a 636.085/.086(437.6):339.92  |2 1981 
080 |a 633.3(437.6):339.92  |2 1981 
100 1 |a Senčák, Igor  |4 aut  |9 392101 
245 1 |a Analýza režimu suchých krmív a strukovín v EÚ z hľadiska tvorby negociačnej pozície SR  |c Igor Senčák 
260 |a Bratislava  |b Výskumný ústav ekonomiky poľnohospodárstva a potravinárstva  |c 1998 
300 |a 32 s., [12] s. príl.  |b tab.  |c 21 cm 
490 1 |a Štúdia  |v č. 18/1998 
500 |a 50 výt. 
504 |a Bibliogr. s. 32. Res. angl. 
610 2 7 |a Európska únia  |2 SNKKA  |9 29861 
650 0 7 |a suché krmivá  |2 SNKPH  |9 459053 
650 0 7 |a strukoviny  |2 SNKPH  |9 3975 
655 7 |a príručky  |2 SNKPH  |9 74364 
830 0 |a Štúdia  |9 292254 
919 |a 80-8058-017-0 
958 |a TL 
958 |a NB 
958 |a BQ 
999 |c 720163  |d 722093 
952 |t P60, <09>, [BOOK], {629}  |a SNK  |b SNK  |y NEVYP  |7 0  |o snkC 94  |i snk186/990208  |0 0  |1 0  |4 0  |d 1999-02-05  |l 0  |r 2005-01-02 00:00:00  |w 2026-02-23 
952 |t P60, <03>, [BOOK], {603}  |a SNK  |b SNK  |y PREZ  |7 0  |p 17A0179306  |o snkOSC 20062  |i snkKSP 1173/99  |0 0  |1 0  |4 0  |d 1999-02-05  |l 0  |r 2005-01-02 00:00:00  |w 2026-02-23 
952 |t P60, <04>, [BOOK], {604}  |a SNK  |b SNK  |y VYP  |7 0  |p 17A0179307  |o snkOSC 20062 D1  |i snkKSP 1174/99  |0 0  |1 0  |4 0  |d 1999-02-05  |l 0  |r 2005-01-02 00:00:00  |w 2026-02-23